Logo Ligue 2 2024/25 - Statistiques

Statistiques générales
  • Ce quiz a été pris 189 fois
  • Le résultat moyen est 16 sur 18
Statistiques - réponses
Par images Réponse % Correct
AC Ajaccien
97%
FC Metz
97%
Paris FC
97%
FC Lorient
96%
ES Troyes AC
95%
EA Guingamp
94%
Red Star FC
93%
SC Bastia
93%
SM Caen
92%
Clermont Foot 63
90%
Grenoble Foot 38
88%
Amiens SC
86%
USL Dunkerque
84%
Rodez AF
82%
FC Annecy
79%
Stade Lavallois MFC
79%
Pau FC
70%
FC Martigues
68%
Aucun quiz correspondant
Distribution des résultats
% des personnes avec chaque résultat
Percentile par nombre de réponses
Votre historique - résultats
Vous n’avez pas pris ce quiz